000 00854nam a2200265 a 4500
001 000001032
003 DO-SdBNP
005 20251027144332.0
008 910220s1988 ve d 000 0 spa
020 _a9806100166 (set)
040 _aDO-SdBNP
_cDLC
043 _as-ve---
082 _a987.003
_bD545
245 0 0 _aDiccionario de historia de Venezuela.
260 _aCaracas, Venezuela :
_bFundación Polar,
_c1988.
300 _a3 v. ;
_c26 cm.
504 _aIncluye referencias bibliográficas (v. 3, p. 1409-1440).
651 0 _aVenezuela
_xHistoria
_vDiccionarios
_xEspañol
_926230
651 0 _aVenezuela
_xBiografía
_vDiccionarios
_xEspañol
_926230
700 1 _aPerez Vila, Manuel.
_93569
700 1 _aAvendano Vera, Astrid.
_93570
710 1 _aFundacion Polar.
_93571
910 _aCatalogación por copia / LC
942 _2ddc
_cLBS1
999 _c1008
_d1008